| 000 | 01216nam a22003257a 4500 | ||
|---|---|---|---|
| 003 | CHAP | ||
| 005 | 20220329141049.0 | ||
| 008 | 971013s1970 r 00010 d | ||
| 010 | _a62093 | ||
| 011 | _a63065 | ||
| 035 | _a67241 | ||
| 040 | _cCHAP | ||
| 090 | _aTesis | ||
| 100 | 0 | 0 |
_aRendón Herrera, Agustín. _995928 |
| 245 | _aComportamiento de larvas de 5o. y 6o. estadio de Helicoverpa (= Heliothis ) Zea en dos suelos de diferente textura y su determinación de diapausa | ||
| 260 |
_aMonterrey, N. L. : _bEl autor, _c1970 |
||
| 300 | _a41 h. | ||
| 502 | _aTesis (Ing. Agr. Fitotecnista) -- Instituto Tecnológico y de Estudios Superiores de Monterrey. División de Ciencias Agropecuarias y Marítimas | ||
| 590 |
_aALEPH _b10 _c20130110 _lUCH01 _h1345 |
||
| 590 |
_aBATCH-UPD _b10 _c20130110 _lUCH01 _h0538 |
||
| 590 |
_aBATCH-UPD _b10 _c20130110 _lUCH01 _h2317 |
||
| 590 |
_aBATCH-UPD _b10 _c20130410 _lUCH01 _h0219 |
||
| 590 |
_aBATCH-UPD _b10 _c20130914 _lUCH01 _h1630 |
||
| 590 |
_aCONVERSION _b10 _c20130109 _lUCH01 _h1333 |
||
| 650 | 1 | 4 |
_aHeliothis (Helicoverpa) zea. _953438 |
| 650 | 1 | 4 |
_aInsectos y suelos. _958962 |
| 901 | _aBK | ||
| 942 | _cTESIS | ||
| 949 |
_bBC _cTES _d-152476 _eTS1 _h30975 _i67241 _si |
||
| 999 |
_c62093 _d62093 |
||